|
|
|
|
| LEADER |
01929nam a2200457 i 4500 |
| 001 |
EBC4451928 |
| 003 |
MiAaPQ |
| 005 |
20200520144314.0 |
| 006 |
m o d | |
| 007 |
cr cnu|||||||| |
| 008 |
160617t20162016dcuab ob 000 0 eng d |
| 020 |
|
|
|z 9781464807237
|
| 020 |
|
|
|a 9781464807244
|q (electronic bk.)
|
| 035 |
|
|
|a (MiAaPQ)EBC4451928
|
| 035 |
|
|
|a (Au-PeEL)EBL4451928
|
| 035 |
|
|
|a (CaPaEBR)ebr11187653
|
| 035 |
|
|
|a (OCoLC)945663013
|
| 040 |
|
|
|a MiAaPQ
|b eng
|e rda
|e pn
|c MiAaPQ
|d MiAaPQ
|
| 043 |
|
|
|a f------
|
| 050 |
|
4 |
|a HC800.Z9
|b .P684 2016
|
| 082 |
0 |
|
|a 339.46096
|2 23
|
| 245 |
0 |
0 |
|a Poverty in a rising Africa /
|c Kathleen Beegle [and three others] ; foreword, Makhtar Diop.
|
| 264 |
|
1 |
|a Northwest, Washington, District of Columbia :
|b World Bank Group,
|c 2016.
|
| 264 |
|
4 |
|c 2016
|
| 300 |
|
|
|a 1 online resource (167 pages) :
|b color illustrations, maps, graphs, tables.
|
| 336 |
|
|
|a text
|2 rdacontent
|
| 337 |
|
|
|a computer
|2 rdamedia
|
| 338 |
|
|
|a online resource
|2 rdacarrier
|
| 490 |
0 |
|
|a Africa Poverty Report
|
| 504 |
|
|
|a Includes bibliographical references at the end of each chapters.
|
| 588 |
|
|
|a Description based on print version record.
|
| 590 |
|
|
|a Electronic reproduction. Ann Arbor, MI : ProQuest, 2016. Available via World Wide Web. Access may be limited to ProQuest affiliated libraries.
|
| 650 |
|
0 |
|a Poverty
|z Africa.
|
| 650 |
|
0 |
|a Economic development
|z Africa.
|
| 651 |
|
0 |
|a Africa
|x Economic conditions.
|
| 655 |
|
4 |
|a Electronic books.
|
| 700 |
1 |
|
|a Beegle, Kathleen,
|d 1969-
|e author.
|
| 700 |
1 |
|
|a Diop, Makhtar,
|e writer of foreword.
|
| 776 |
0 |
8 |
|i Print version:
|t Poverty in a rising Africa.
|d Northwest, Washington, District of Columbia : World Bank Group, c2016
|h xvii, 145 pages
|k Africa Poverty Report
|z 9781464807237
|w 2016009159
|
| 797 |
2 |
|
|a ProQuest (Firm)
|
| 856 |
4 |
0 |
|u https://ebookcentral.proquest.com/lib/matrademy/detail.action?docID=4451928
|z Click to View
|